Statistics for Did They Play For Them?

Click here to take the quiz!

General Stats

  • This quiz has been taken 7 times
  • The average score is 2 of 8

Answer Stats

PlayerAnswer% Correct
David BeckhamPreston
83%
Ashley ColePalace
33%
Paul MersonBrentford
33%
John TerryForest
17%
Frank LampardSwansea
17%
Rio FerdinandBournemouth
17%
James MilnerSwindon
0%
Steve BouldTorquay
0%

Score Distribution

Percentile by Number Answered

Percent of People with Each Score

Your Score History

You have not taken this quiz